000
00285nam a22001337a 4500
008
181107b xxu||||| |||| 00| 0 eng d
020
_a
9780534085261
041
_a
eng
080
_2
3 TH
_a
101
100
_a
21
101
_a
FIL
245
_a
Philoosphy
_c
Mnauel.V
942
_2
udc
_c
BK
999
_c
52192
_d
52192